| 000 | 00564nam a2200205 a 4500 | ||
|---|---|---|---|
| 005 | 20230602063810.0 | ||
| 008 | 170511s2014 mx r 000 0 spa d | ||
| 020 | _a9786079278953 | ||
| 035 | _aUPN01000217650 | ||
| 049 | _aCG | ||
| 050 | 4 |
_aPQ7298.424 E7.7 _bD4.7 |
|
| 100 | 1 |
_aNettel, Guadalupe, _d1973- _931563 |
|
| 245 | 1 | 0 |
_aDespués del invierno / _cGuadalupe Nettel. |
| 260 |
_aMéxico : _bAnagrama, _c2014. |
||
| 300 | _a268 p. | ||
| 440 | 0 |
_aNarrativas hispánicas ; _v539 |
|
| 650 | 4 |
_aNovela mexicana _94557 |
|
| 905 | _aLibro | ||
| 999 |
_c189750 _d189750 |
||